Las formas de instrucción y el control sobre el pensamiento: el SENA frente al desarrollo
Este libro es el producto de un proceso investigativo, surgido a su vez de la experiencia decantada del autor en el campo de la instrucción, bajo los modelos del cambio recurrente que se ejecutan en el Servicio Nacional de Aprendizaje - SENA.
Uloženo v:
| Hlavní autor: | |
|---|---|
| Médium: | Kniha |
| Jazyk: | Spanish |
| Vydáno: |
Bogota
Prodic El Griot Editores,
1992
|
| Edice: | Investigacion;
No. 2 |
| Témata: | |
| On-line přístup: | Enlace del recurso |
| Tagy: |
Přidat tag
Žádné tagy, Buďte první, kdo vytvoří štítek k tomuto záznamu!
|
MARC
| LEADER | 00000nam a2200000 a 4500 | ||
|---|---|---|---|
| 001 | 000838 | ||
| 008 | 040625s1992 ck a fr# #000|0#spa#d | ||
| 020 | |a 958-95334-7-7 | ||
| 041 | 0 | |a spa | |
| 043 | |a s-ck--- | ||
| 082 | 0 | 4 | |a 371.426 |b D816f |
| 100 | 1 | |a Duarte Agudelo, Afranio | |
| 245 | 1 | 4 | |a Las formas de instrucción y el control sobre el pensamiento: |b el SENA frente al desarrollo |c Afranio Duarte Agudelo |
| 260 | |a Bogota |b Prodic El Griot Editores, |c 1992 | ||
| 300 | |a 191 p.: |b il., gráf., tabl. | ||
| 440 | 0 | |a Investigacion; |v No. 2 | |
| 504 | |a Incluye bibliografía. | ||
| 520 | 3 | |a Este libro es el producto de un proceso investigativo, surgido a su vez de la experiencia decantada del autor en el campo de la instrucción, bajo los modelos del cambio recurrente que se ejecutan en el Servicio Nacional de Aprendizaje - SENA. | |
| 650 | 1 | 4 | |a EDUCACIÓN |z COLOMBIA |
| 650 | 1 | 4 | |a PSICOLOGÍA EXPERIMENTAL |
| 999 | |c 2990 |d 2990 | ||
| 856 | |u https://catalogo.idep.edu.co/cgi-bin/koha/opac-detail.pl?biblionumber=2990 |z Enlace del recurso | ||